| 000 | 00602nam a2200205Ia 4500 | ||
|---|---|---|---|
| 003 | GCL | ||
| 008 | 140319s9999 xx 000 0 ara d | ||
| 040 |
_aGCL / _cGCL |
||
| 082 | 0 | 4 |
_a608.7962 _bس د |
| 100 | 1 | _aسعيد موسى | |
| 245 | 1 | 0 |
_aدليل المخترع / _cسعيد موسى |
| 700 | 1 | _aجلال عبدالنعيم | |
| 300 | _a61 ص | ||
| 490 |
_aالهيئة العامة للاستعلامات _v0 |
||
| 650 | 0 | 4 | _aبراءات الاختراع |
| 650 | 0 | 4 | _aالاختراعات |
| 650 | 0 | 4 | _aالعلوم التطبيقية |
| 650 | 0 | 4 | _aالدوريات |
| 942 |
_2ddc _cBK |
||
| 999 |
_c51416 _d51416 |
||